Sociology: Themes and perspectives (Record no. 6379)

MARC details
000 -LEADER
fixed length control field 00458nam a22001817a 4500
005 - DATE AND TIME OF LATEST TRANSACTION
control field 20200521123137.0
008 - FIXED-LENGTH DATA ELEMENTS--GENERAL INFORMATION
fixed length control field 200521b xxu||||| |||| 00| 0 eng d
020 ## - INTERNATIONAL STANDARD BOOK NUMBER
ISBN 9780007583195
041 ## - LANGUAGE CODE
Language code of text/sound track or separate title eng
082 ## - DEWEY DECIMAL CLASSIFICATION NUMBER
Classification number 301 HAR
100 ## - MAIN ENTRY--AUTHOR NAME
Personal name Haralambos, Michael Holborn, Matin and others
245 ## - TITLE STATEMENT
Title Sociology: Themes and perspectives
250 ## - EDITION STATEMENT
Edition statement 8'th
260 ## - PUBLICATION, DISTRIBUTION, ETC. (IMPRINT)
Place of publication U.K
Name of publisher Harper Collins
300 ## - PHYSICAL DESCRIPTION
Number of Pages 1098p.
650 ## - SUBJECT ADDED ENTRY--TOPICAL TERM
Topical Term Socilogy
942 ## - ADDED ENTRY ELEMENTS (KOHA)
Koha item type Books
Holdings
Lost status Damaged status Collection code Home library Current library Shelving location Date acquired Cost, normal purchase price Full call number Accession Number Koha item type Source of acquisition
    LAW JRU Library JRU Library SHELF-30-A 02/06/2020 1195.00 301 HAR 24189 Books  
    Reference JRU Library JRU Library SHELF-1-D 02/06/2020 1195.00 301 HAR 24190 Books PURCHASE
    LAW JRU Library JRU Library SHELF-30-A 02/06/2020 1195.00 301 HAR 24191 Books